Brooklyn 99 Episode Titles - Statistics

General Stats
  • This quiz has been taken 140 times
  • The average score is 47 of 148
Answer Stats
Answer % Correct
Halloween
90%
Pilot
87%
Halloween II
64%
Halloween III
64%
halloVeen
63%
Halloween IV
57%
Pontiac bandit
57%
Thanksgiving
57%
Coral palms
56%
Jake and Amy
54%
The slump
53%
The vulture
53%
Johnny and dora
50%
Adrian Pimento
49%
The bet
49%
Christmas
47%
The big house
47%
The tagger
47%
Greg and Larry
46%
Moo moo
46%
The jimmy jab games
46%
Cinco de mayo
43%
Hitchcock and scully
43%
Honeymoon
43%
ME time
43%
New captain
43%
Undercover
43%
Cheddar
41%
Boyle-Linetti wedding
40%
The box
40%
Lights out
39%
The night shift
39%
48 hours
37%
Captain Latvia
37%
The Pontiac bandit returns
37%
Full boyle
36%
Suicide squad
36%
99
34%
Pimemento
34%
Sal's pizza
34%
Tactical village
34%
The ebony falcon
34%
The funeral
34%
The oolong slayer
34%
The party
34%
The slaughterhouse
34%
Ava
33%
Game night
33%
Jake and Sophia
33%
The cruise
33%
The lake house
33%
The last day
33%
Boyle's hunch
31%
Crime and punishment
31%
He said, she said
31%
Hostage situation
31%
Operation: broken feather
31%
Beach house
30%
Captain peralta
30%
Charges and specs
30%
Chocolate milk
30%
Debbie
30%
PB and J
30%
Skyfire cycle
30%
The fugitive
30%
The last ride
30%
The swedes
30%
Valloweaster
30%
Yippie kayak
30%
Admiral Peralta
29%
Four movements
29%
Karen peralta
29%
Kicks
29%
Mr Santiago
29%
The 98
29%
The jimmy jab games II
29%
The mole
29%
The road trip
29%
USPIS
29%
White whale
29%
9 days
27%
Ding dong
27%
Lockdown
27%
Old school
27%
Safe house
27%
The apartment
27%
The chopper
27%
The good ones
27%
The mattress
27%
The overmining
27%
The tattler
27%
Unsolvable
27%
AC/DC
26%
Blue flu
26%
Casecation
26%
Chasing amy
26%
Captain Kim
24%
Cop con
24%
Det. Dave Majors
24%
Fancy brudgom
24%
Gintars
24%
Into the woods
24%
Paranoia
24%
Return of the king
24%
Serve and protect
24%
The audit
24%
Trying
24%
Windbreaker city
24%
Bachelor/ette party
23%
Dillman
23%
Game of Boyles
23%
House mouses
23%
Maximum security
23%
Payback
23%
The bank job
23%
The honeypot
23%
The Wednesday incident
23%
Your honor
23%
Bureau
21%
Return to skyfire
21%
Stake out
21%
The bimbo
21%
The crime scene
21%
The golden child
21%
The negotiation
21%
Manhunter
20%
Sabotage
20%
Terry kitties
20%
The defense rests
20%
Two turkeys
20%
A tale of two bandits
19%
Bad beat
19%
DFW
19%
Monster in the closet
19%
NutriBoom
19%
Renewal
19%
Show me going
19%
The favor
19%
The venue
19%
Sicko
17%
The takeback
17%
The therapist
17%
Ticking clocks
17%
Balancing
16%
Ransom
14%
The puzzlemaster
14%
Gray star mutual
13%
The set up
13%
No matching quizzes found
Score Distribution
Percent of People with Each Score
Percentile by Number Answered
Your Score History
You have not taken this quiz